<?xml version="1.0" encoding="UTF-8"?>
<collection xmlns="http://www.loc.gov/MARC21/slim">
  <record>
    <leader>00000nam  2200000   4500</leader>
    <controlfield tag="001">INLIS000000000000476</controlfield>
    <controlfield tag="005">20190422025159</controlfield>
    <datafield tag="035" ind1="#" ind2="#">
      <subfield code="a">0010-0718000476</subfield>
    </datafield>
    <controlfield tag="008">190422################g##########0#ind##</controlfield>
    <datafield tag="020" ind1="#" ind2="#">
      <subfield code="a">9789797695385</subfield>
    </datafield>
    <datafield tag="041" ind1=" " ind2=" ">
      <subfield code="a">id</subfield>
    </datafield>
    <datafield tag="082" ind1="#" ind2="#">
      <subfield code="a">658.0072</subfield>
    </datafield>
    <datafield tag="090" ind1=" " ind2=" ">
      <subfield code="a">658.0072 Put m</subfield>
    </datafield>
    <datafield tag="100" ind1=" " ind2="#">
      <subfield code="a">Putra, Nusa</subfield>
    </datafield>
    <datafield tag="245" ind1="1" ind2="#">
      <subfield code="a">Metode Penelitian Kualitatif Manajemen /</subfield>
      <subfield code="c">Nusa Putra</subfield>
    </datafield>
    <datafield tag="250" ind1="#" ind2="#">
      <subfield code="a">ed.1</subfield>
    </datafield>
    <datafield tag="260" ind1="#" ind2="#">
      <subfield code="a">Jakarta :</subfield>
      <subfield code="b">Rajawali Press,</subfield>
      <subfield code="c">2013</subfield>
    </datafield>
    <datafield tag="300" ind1="#" ind2="#">
      <subfield code="a">xiii, 217 hlm.:ilus. :</subfield>
      <subfield code="b">ilus ;</subfield>
      <subfield code="c">21 cm</subfield>
    </datafield>
    <datafield tag="650" ind1=" " ind2="#">
      <subfield code="a">Penelitian Kualitatif</subfield>
    </datafield>
    <datafield tag="084" ind1="#" ind2="#">
      <subfield code="a">658 Put m</subfield>
    </datafield>
    <datafield tag="505" ind1="#" ind2="#">
      <subfield code="a">Dalam kerangka pemikiran Drucker tentang mamajemen sebagai Ilmu Budaya, penelitian kualitatif menjadi penting dalam ranah manajemen. Karena penelitian kualitatif bisa dan biasa memberikan penjelasan dan pemahaman yang mendalam, holistik, dan integratif tentang praktik-praktik manajemen, memahami proses yang kompleks dalam konteks yang nyata, dan memahami manajemen dari sudut pandang para pelakunya. Dengan demikian penelitian kualitatif manajemen dapat membantu merumuskan masalah-masalah nyata yang digali secara induktif, dan memberikan solusi yang prakttis-operasional dan bermakna. Penelitian kualitatif manajemen merupakan kebutuhan yang niscaya dalam perubahan cepat penuh ketidakpastian pada ere global ini. Sebab dapat membantu memahami masalah yang sesungguhnya, masalah manajemen yang muncul dan berkembang dalam konteks sosial-budaya yang terus berubah dan berkembang.</subfield>
    </datafield>
    <datafield tag="856" ind1="#" ind2="#">
      <subfield code="a">Perpustakaan Lembaga Administrasi Negara</subfield>
    </datafield>
    <datafield tag="990" ind1="#" ind2="#">
      <subfield code="a">141217140</subfield>
    </datafield>
    <datafield tag="990" ind1="#" ind2="#">
      <subfield code="a">141217139</subfield>
    </datafield>
  </record>
</collection>
